000 00417nam a2200169 i 4500
001 bg
245 0 _aZadania z optyki i fizyki atomowej.
260 _aWarszawa,
_c1975.
650 9 _aOptyka
650 9 _aFizyka atomowa
655 _aĆwiczenia i zadania dla szkół wyższych
040 _cBPK
041 _apol
080 _a535:539.1](075.8)(076)
942 _cKS
008 s pl f |000 0 pol
999 _c7719
_d7719
856 _uhttp://koha.tu.koszalin.pl/cgi-bin/koha/opac-detail.pl?biblionumber=7719
_yKatalog online BPK